[Event "Summer Cup"]
[Site "Wellington Chess Club"]
[Date "2021.04.08"]
[Round "8.12"]
[White "Chen, Wei Kai"]
[Black "Langford, Josh"]
[Result "1-0"]
[WhiteElo "1929"]
[BlackElo "1680"]

1. b3 d5 2. Bb2 Bg4 3. Nf3 Bxf3 4. exf3 e6 5. Be2 Nf6 6. O-O g6 7. Na3 Bg7 8.
d4 O-O 9. Re1 Nbd7 10. c4 dxc4 11. bxc4 c5 12. d5 exd5 13. cxd5 a6 14. Rc1 b5
15. f4 Rc8 16. Bf3 Nb6 17. d6 Ne8 18. Bxg7 Kxg7 19. Rxc5 Rxc5 20. Qd4+ Kg8 21.
Qxc5 Qxd6 22. Qxd6 Nxd6 23. g3 Ndc4 24. Nc2 Rd8 25. Ne3 Rd2 26. Re2 Kf8 27. Ng4
Rxe2 28. Bxe2 Ke7 29. Kf1 Ke6 30. Bd3 Nd5 31. a4 Nb2 32. axb5 Nxd3 33. bxa6
N3b4 34. a7 Nc7 35. Ne3 Nc6 36. Kg2 Nxa7 37. g4 Nd5 38. f5+ Ke5 39. Nc4+ Kf4
40. fxg6 fxg6 41. h3 Nc6 42. Nb2 Ne5 43. Na4 Nf3 44. Nc5 Nh4+ 45. Kf1 Kf3 46.
Ne6 Nf4 $4 {A move worthy of 20 '?'s 47.Ng5# 1-0} 47. Ng5# 1-0

[Event "Summer Cup"]
[Site "Wellington Chess Club"]
[Date "2021.04.08"]
[Round "8.13"]
[White "Symon, Christopher"]
[Black "Brockway, Andrew"]
[Result "1/2-1/2"]
[WhiteElo "2022"]
[BlackElo "1817"]

1. Nf3 d5 2. c4 e6 3. d4 Nf6 4. Nc3 c6 5. g3 Nbd7 6. Bg2 dxc4 7. e4 Be7 8. O-O
O-O 9. Nd2 Nb6 10. e5 Nfd5 11. Qe2 f5 12. f4 Nxc3 13. bxc3 Nd5 14. Nxc4 Nxc3
15. Qd3 Qxd4+ 16. Qxd4 Ne2+ 17. Kh1 Nxd4 18. Be3 Nb5 19. a4 Nc3 20. Rfc1 Nd5
21. Bd2 Rd8 22. a5 Rb8 23. Be1 Bd7 24. Bf2 Be8 25. Bxa7 Ra8 26. Bf2 Bh5 27.
Rcb1 Be2 28. Nb6 Nxb6 29. Bxb6 Ba6 30. Bxd8 Rxd8 31. Rb6 Bc5 32. Rxa6 bxa6 33.
Bxc6 Bb4 34. Bb7 Kf7 35. Kg2 Rd7 36. Bxa6 Ra7 37. Rb1 Bxa5 { (=) Draw agreed }
1/2-1/2

[Event "Summer Cup"]
[Site "Wellington Chess Club"]
[Date "2021.04.08"]
[Round "8.14"]
[White "Ashe, Michael"]
[Black "Wevers, Alexis"]
[Result "0-1"]
[WhiteElo "1816"]
[BlackElo "1831"]

1. d4 Nf6 2. c4 e6 3. Nc3 Bb4 4. f3 c5 5. a3 Bxc3+ 6. bxc3 Nc6 7. d5 Na5 8. e4
O-O 9. Nh3 b6 10. Bd3 Ba6 11. Qe2 Re8 12. O-O Nb3 13. Rb1 Nxc1 14. Rfxc1 exd5
15. cxd5 Bb7 16. c4 Nh5 17. Qb2 d6 18. a4 Bc8 19. g4 Qh4 20. Bf1 g6 21. Qf2
Qxf2+ 22. Kxf2 Ng7 23. Nf4 f5 24. gxf5 gxf5 25. Bd3 fxe4 26. Bxe4 Rf8 27. Ke3
Bd7 28. Ra1 Rae8 29. Rg1 Kh8 30. Ne2 Nf5+ 31. Kd3 Nh4 32. Rg3 Bf5 33. Rf1 Bxe4+
0-1

[Event "Summer Cup"]
[Site "Wellington Chess Club"]
[Date "2021.04.08"]
[Round "8.15"]
[White "Aldridge, Alan"]
[Black "Farrington, Lawrence"]
[Result "0-1"]
[WhiteElo "1826"]
[BlackElo "1611"]

1. e4 e6 2. d4 d5 3. Nc3 Bb4 4. e5 c5 5. Nf3 Ne7 6. a3 Bxc3+ 7. bxc3 Nbc6 8.
Bd3 Qc7 9. O-O Bd7 10. Rb1 cxd4 11. cxd4 h6 12. Be3 b6 13. Nd2 Na5 14. Qg4 g6
15. Qe2 Nf5 16. Rbc1 Nc6 17. Bxf5 gxf5 18. c4 Qb7 19. cxd5 exd5 20. Qf3 Be6 21.
Qh5 Ne7 22. Nf3 Ng6 23. Rc2 Rc8 24. Rxc8+ Qxc8 25. Rc1 Qb7 26. Nh4 Nxh4 27.
Qxh4 Kd7 28. Bd2 a5 29. h3 Qa8 30. Qf6 Rg8 31. Qxh6 Rg6 32. Qh5 Qg8 33. g3 Qd8
34. h4 Qf8 35. Qf3 Qb8 36. Bg5 Ke8 37. Qb3 Qb7 38. Qc3 Bd7 39. Qc7 Qxc7 40.
Rxc7 Rc6 41. Rb7 Bc8 42. Rb8 Kd7 43. Bf4 Re6 44. Ra8 Kc7 45. Ra7+ Bb7 46. Bg5
Kb8 47. Rxb7+ Kxb7 48. Kg2 Rg6 49. Bd2 Ka6 50. Kf3 Kb5 51. Kf4 Kc4 52. Kxf5 a4
53. e6 Rxe6 54. h5 b5 55. h6 b4 56. Bxb4 Rxh6 57. Bc5 Rc6 58. Kf4 Rxc5 59. dxc5
Kxc5 60. Ke3 Kc4 61. f4 Kc3 62. g4 d4+ 63. Ke2 Kc2 0-1

[Event "Summer Cup"]
[Site "Wellington Chess Club"]
[Date "2021.04.08"]
[Round "8.16"]
[White "Robinson, Max"]
[Black "Jones, Christopher"]
[Result "1-0"]
[WhiteElo "1805"]
[BlackElo "1253"]

1. d4 e6 2. c4 d5 3. Nf3 c6 4. g3 Nf6 5. Bg2 Bd6 6. O-O Nbd7 7. Nc3 O-O 8. b3
b6 9. Bb2 Ba6 10. Nd2 Bb7 11. e4 Bc7 12. e5 Ne8 13. cxd5 exd5 14. Rc1 g6 15.
Ba3 Ng7 16. Bxf8 Nxf8 17. f4 c5 18. Nb5 Nfe6 19. dxc5 Nxc5 20. Nxc7 Rc8 21. Nb5
Ba6 22. Nd6 Bxf1 23. Nxf1 Rb8 24. Bxd5 Nce6 25. Ne3 g5 26. f5 Nc7 27. Bxf7+ Kf8
28. f6 Nge6 29. Qh5 Ne8 30. Qh6+ N6g7 31. fxg7+ Nxg7 32. Nef5 Qxd6 33. Qxg7#
1-0

[Event "Summer Cup"]
[Site "Wellington Chess Club"]
[Date "2021.04.08"]
[Round "8.17"]
[White "Webster, Jamie"]
[Black "Loke, Kayden"]
[Result "0-1"]
[WhiteElo "1720"]
[BlackElo "1608"]

1. e4 e5 2. Nf3 Nf6 3. Nxe5 d6 4. Nf3 Nxe4 5. d4 Be7 6. Bd3 Ng5 7. Nxg5 Bxg5 8.
Bxg5 Qxg5 9. O-O O-O 10. Qf3 Qg4 11. Qxg4 Bxg4 12. h3 Bh5 13. Re1 Nc6 14. c3
Bg6 15. Bxg6 hxg6 16. Nd2 Rfe8 17. Ne4 d5 18. Nc5 b6 19. Na6 Rxe1+ 20. Rxe1 Rc8
21. b4 Kf8 22. Kf1 Nb8 23. Nxb8 Rxb8 24. Re5 c6 25. f4 Re8 26. Ke2 Rxe5+ 27.
fxe5 Ke7 28. Kf3 Kd7 29. Kf4 c5 30. b5 cxd4 31. cxd4 Ke6 32. Kg5 Ke7 33. h4 Ke6
34. g4 Ke7 35. h5 gxh5 36. gxh5 Ke6 37. a3 Ke7 38. h6 gxh6+ 39. Kxh6 f6 40.
exf6+ Kxf6 41. a4 Kf5 42. Kg7 Ke4 43. Kf6 Kxd4 0-1

[Event "Summer Cup"]
[Site "Wellington Chess Club"]
[Date "2021.04.08"]
[Round "8.18"]
[White "Darr, Samuel"]
[Black "Pendharkar, Ajit"]
[Result "0-1"]
[WhiteElo "1632"]
[BlackElo "1605"]

1. e4 d5 2. exd5 Nf6 3. Nc3 Nxd5 4. Bc4 Nb6 5. Bb3 c5 6. a3 Nc6 7. Qf3 e6 8.
Nge2 Bd6 9. d3 O-O 10. Bf4 Bxf4 11. Nxf4 Nd4 12. Qg3 Nf5 13. Qf3 Rb8 14. Nce2
Bd7 15. c3 Bc6 16. Qg4 Bd7 17. Ng3 Nh4 18. Ne4 e5 19. Qg3 exf4 20. Qg5 Qxg5 21.
Nxg5 Nxg2+ 22. Kd2 Nh4 23. Rae1 h6 24. Nxf7 Rxf7 25. Bxf7+ Kxf7 26. Re4 g5 27.
Kc2 Bc6 28. Rhe1 Bxe4 29. Rxe4 Re8 30. Rxe8 Kxe8 31. Kb3 Nf3 32. h3 Ke7 33. a4
a5 34. Ka3 Kd6 35. b4 cxb4+ 36. cxb4 axb4+ 37. Kxb4 Ne5 38. Kb5 Nd5 39. d4 Nf3
40. Kc4 Ng1 0-1

[Event "Summer Cup"]
[Site "Wellington Chess Club"]
[Date "2021.04.08"]
[Round "8.19"]
[White "Dixon, Hamish"]
[Black "Malcolm, Aidan"]
[Result "1/2-1/2"]
[WhiteElo "1724"]
[BlackElo "1500"]

1. e4 e5 2. Nf3 Nc6 3. d4 exd4 4. Bc4 Nf6 5. Ng5 d5 6. exd5 Qe7+ 7. Qe2 Qxe2+
8. Kxe2 Na5 9. Bb5+ Bd7 10. Bxd7+ Nxd7 11. Bd2 Nc4 12. Re1 Be7 13. Kf1 Nxd2+
14. Nxd2 Nb6 15. Nb3 Nxd5 16. Nxd4 O-O 17. Ngf3 Bf6 18. c3 c5 19. Nf5 b6 20.
Rad1 Nf4 21. Re4 Ng6 22. h4 Rfe8 23. Rde1 Rxe4 24. Rxe4 Nf8 25. Ne7+ Bxe7 26.
Rxe7 Ng6 27. Rb7 f6 28. g3 h5 29. Rd7 Kh7 30. Ke2 a5 31. Rb7 Re8+ 32. Kd2 Re6
33. Kd3 Kh6 34. Kd2 1/2-1/2

[Event "Summer Cup"]
[Site "Wellington Chess Club"]
[Date "2021.04.08"]
[Round "8.20"]
[White "Osborne, Geoff"]
[Black "Croad, Simon"]
[Result "0-1"]
[WhiteElo "1252"]
[BlackElo "1500"]

1. Nf3 Nf6 2. g3 d5 3. Bg2 Bf5 4. O-O e6 5. d3 Bd6 6. Nbd2 O-O 7. Qe1 Bg6 8.
Nh4 Re8 9. Nxg6 hxg6 10. e4 dxe4 11. dxe4 e5 12. b3 a5 13. a4 Nc6 14. Qe2 Qd7
15. Nc4 Nd4 16. Qd1 Bb4 17. f4 exf4 18. Rxf4 Ne2+ 19. Qxe2 Qd4+ 20. Rf2 Qxa1
21. Rf1 Qd4+ 22. Be3 Qd7 23. e5 Nd5 24. Bf4 Rad8 25. Qf2 b5 26. Nd2 bxa4 27.
Kh1 Nxf4 28. gxf4 Qxd2 29. Qg3 Qxc2 30. f5 Rd1 31. Qh3 Rxf1+ 32. Bxf1 Qxf5 0-1

[Event "Summer Cup"]
[Site "Wellington Chess Club"]
[Date "2021.04.08"]
[Round "8.21"]
[White "De Silva, Shashika"]
[Black "Uzbekov, Igor"]
[Result "1-0"]
[WhiteElo "1500"]
[BlackElo "1500"]

1. e4 c5 2. c3 d6 3. d4 cxd4 4. cxd4 g6 5. Nf3 Nf6 6. Nc3 Bg7 7. Be2 O-O 8. Bf4
Bd7 9. O-O Qb6 10. Qd2 e6 11. e5 dxe5 12. dxe5 Nd5 13. Nxd5 exd5 14. Bh6 Bc6
15. Bxg7 Kxg7 16. b3 Nd7 17. h4 Rae8 18. Qg5 f6 19. exf6+ Rxf6 20. Bd3 d4 21.
Rae1 Rxe1 22. Rxe1 Bxf3 23. gxf3 Qd6 24. h5 Nc5 25. h6+ Kf8 26. Bb5 Kf7 27.
Be8+ Kf8 28. b4 Rf5 29. Qh4 Rh5 30. bxc5 Qxc5 31. Qf6+ Kg8 32. Qg7# 1-0

[Event "Summer Cup"]
[Site "Wellington Chess Club"]
[Date "2021.04.08"]
[Round "8.22"]
[White "Jelley, Arch"]
[Black "Asher, Bruce"]
[Result "1-0"]
[WhiteElo "1910"]
[BlackElo "1193"]

1. e4 e5 2. Nf3 Nc6 3. c3 Nf6 4. d4 exd4 5. e5 Qe7 6. Qe2 Ng4 7. cxd4 Qb4+ 8.
Qd2 Be7 9. Nc3 d6 10. Nd5 Qxd2+ 11. Bxd2 Bd8 12. h3 Nh6 13. Bxh6 gxh6 14. Bb5
Bd7 15. Rc1 a6 16. Ba4 b5 17. Bb3 Be6 18. Rxc6 Rc8 19. Rxa6 c6 20. Nf6+ Bxf6
21. Bxe6 dxe5 22. Bxc8 Ke7 23. Rxc6 Rd8 24. dxe5 Bg7 25. O-O Rd5 26. Rc7+ Kd8
27. Rxf7 Bxe5 28. Nxe5 Rxe5 29. Bg4 h5 30. Bf3 h6 31. Rc1 Ke8 32. Rh7 Kd8 33.
Kh2 Re6 34. Bb7 Re7 35. Rd1+ Ke8 36. Bc6+ Kf8 37. Rd8+ 1-0

[Event "Summer Cup"]
[Site "Wellington Chess Club"]
[Date "2021.04.08"]
[Round "8.23"]
[White "Kibblewhite, Daniel"]
[Black "Wang, Cheng Qi(Max)"]
[Result "0-1"]
[WhiteElo "1639"]
[BlackElo "1034"]

1. d4 Nf6 2. c4 c5 3. d5 b5 4. cxb5 a6 5. bxa6 d6 6. Nc3 Bxa6 7. Nf3 g6 8. g3
Bg7 9. Bg2 O-O 10. O-O Nbd7 11. Re1 Qa5 12. Bd2 Qc7 13. Rc1 Rab8 14. b3 Nb6 15.
e4 Rfc8 16. Bf4 Nh5 17. Bg5 h6 18. Be3 c4 19. Bd4 cxb3 20. axb3 Nd7 21. Bxg7
Kxg7 22. Ne2 Qb6 23. Rxc8 Bxc8 24. Qd4+ Qxd4 25. Nexd4 e5 26. dxe6 Nc5 27. exf7
Ne6 28. Nxe6+ Bxe6 29. Nd4 Bxf7 30. Rd1 Nf6 31. f4 Nd7 32. Nc6 Rb6 33. Rxd6 Nc5
34. e5 Nxb3 35. Rd7 Nc5 36. Ra7 Rb1+ 37. Bf1 Kf8 38. Kg2 Bd5+ 39. Kf2 Bxc6 40.
Rc7 Rb6 41. Bc4 Ne4+ 42. Ke3 Nc3 43. Rf7+ Ke8 44. Rf6 Nd1+ 45. Kd2 Nb2 46. Bd5
Bxd5 0-1

[Event "Summer Cup"]
[Site "Wellington Chess Club"]
[Date "2021.04.08"]
[Round "8.24"]
[White "Rudykh, Richard"]
[Black "Carlyle, Mathieson"]
[Result "0-1"]
[WhiteElo "1500"]
[BlackElo "1500"]

1. e4 e6 2. d4 d5 3. e5 c5 4. Be3 Qb6 5. b3 Nc6 6. Nf3 Bd7 7. Be2 Nh6 8. h3 Nf5
9. O-O cxd4 10. Nxd4 Nxe3 11. fxe3 Nxe5 12. c4 dxc4 13. bxc4 Bc5 14. Nc3 Rd8
15. Na4 Bxa4 16. Qxa4+ Rd7 17. Rab1 Qc7 18. Nb5 Bxe3+ 19. Kh1 Qc6 20. Rfd1
Rxd1+ 21. Rxd1 a6 22. a3 O-O 23. Nc3 Qxa4 24. Nxa4 Rc8 25. Nb2 g6 26. g4 Kg7
27. Kg2 h5 28. gxh5 gxh5 29. Bxh5 Nxc4 30. Nxc4 Rxc4 31. Rd7 Rf4 32. a4 b6 33.
Rd6 Rxa4 34. Rd3 Bf4 35. Rd7 e5 36. Rxf7+ Kg8 37. Bg6 Ra2+ 38. Kf3 Ra3+ 39. Kg4
Rg3+ 40. Kf5 Bh6 41. Kf6 Rf3+ 42. Ke7 Rxf7+ 43. Bxf7+ Kg7 44. Bh5 e4 45. Be2 b5
46. h4 b4 47. Bd1 a5 48. h5 e3 49. Kd6 a4 50. Kc5 b3 51. Kb4 b2 52. Bc2 e2 53.
Kxa4 e1=Q 54. Kb3 Bc1 55. Ka2 Qc3 56. Kb1 Kf6 57. h6 Bxh6 58. Bd1 Qc1+ 59. Ka2
b1=Q# 0-1

[Event "Summer Cup"]
[Site "Wellington Chess Club"]
[Date "2021.04.08"]
[Round "8.25"]
[White "Rudykh, Dmitry"]
[Black "Stracy, Don"]
[Result "1-0"]
[WhiteElo "1500"]
[BlackElo "1686"]

1. e4 c5 2. Nf3 Nc6 3. d4 cxd4 4. Nxd4 d6 5. Nc3 Nf6 6. h3 Bd7 7. Nf3 a6 8. Be2
b5 9. a3 g6 10. O-O Bg7 11. Bf4 O-O 12. Be3 Rc8 13. Bd2 Na5 14. Bd3 Nc4 15. Bc1
Be6 16. Qe1 Nd7 17. Ne2 Nce5 18. Nxe5 Nxe5 19. Qd2 Bxh3 20. f4 Nxd3 21. Qxd3
Be6 22. f5 Bc4 23. Qd2 Qc7 24. c3 Bxe2 25. Qxe2 Qc4 26. Qf3 Rc5 27. Bg5 Re5 28.
Rae1 Qc5+ 29. Be3 Qc6 30. Bd4 Rc5 31. Bxc5 Qxc5+ 32. Kh1 Rd8 33. fxg6 hxg6 34.
Qxf7+ Kh8 35. Qxe7 Qh5+ 36. Kg1 Rg8 37. Rf3 1-0

[Event "Summer Cup"]
[Site "Wellington Chess Club"]
[Date "2021.04.08"]
[Round "8.26"]
[White "Cooke, Xandi"]
[Black "Chaturvedi, Vivaan"]
[Result "1-0"]
[WhiteElo "1475"]
[BlackElo "1500"]

1. d4 d5 2. c4 c6 3. cxd5 cxd5 4. Nc3 Nc6 5. Bf4 Nf6 6. e3 Bf5 7. Bd3 Bxd3 8.
Qxd3 Nb4 { Unfortunately this is just a pawn blunder as examples in the next
moves. } 9. Qb5+ Nc6 10. Qxb7 Rc8 11. a3 { TO stop any kind of Nb4 idea. }
11... e6 12. Rc1 Be7 13. Nb5 Qd7 14. Nc7+ Rxc7 15. Bxc7 Nd8 16. Qxa7 O-O 17.
Qb6 Ne4 18. Bxd8 Bxd8 19. Qa6 h6 20. Qc6 Ba5+ 21. b4 Qxc6 22. Rxc6 Bd8 23. Nf3
Kh8 24. Rc8 Rg8 25. Ne5 f6 26. Nf7+ Kh7 27. Rxd8 Rxd8 28. Nxd8 e5 29. dxe5 fxe5
30. Nf7 Nc3 31. Nxe5 Nb1 32. a4 Na3 33. Ke2 Nc4 34. Nxc4 dxc4 { Black Resigns
1-0 } 1-0

[Event "Summer Cup"]
[Site "Wellington Chess Club"]
[Date "2021.04.08"]
[Round "8.27"]
[White "Moreno, Cristian"]
[Black "Dunlop, Rafe"]
[Result "1-0"]
[WhiteElo "1500"]
[BlackElo "1376"]

1. c4 e5 2. Nc3 Nf6 3. d3 h6 4. a3 a5 5. Rb1 Nc6 6. g3 b6 7. Bg2 Bb7 8. Nf3 Ra7
9. Nd5 Nxd5 10. cxd5 Nd4 11. Nxe5 Qa8 12. e4 c6 13. dxc6 Nxc6 14. Nf3 Bc5 15.
Qe2 O-O 16. Be3 Bd6 17. Bxb6 Ra6 18. Qe3 f5 19. Bc5 Bxc5 20. Qxc5 fxe4 21. Qc4+
Kh8 22. dxe4 Re8 23. O-O Ne5 24. Nxe5 Rxe5 25. Rfe1 Rae6 26. f3 d5 27. Qd4 dxe4
28. fxe4 Bxe4 29. Rxe4 Rxe4 30. Bxe4 Rxe4 31. Qf2 Qb7 32. Qf8+ Kh7 33. Qf5+ Kh8
34. Rc1 Re8 35. Qf2 Re5 36. Rc2 Qe7 37. Rc8+ Kh7 38. Qc2+ Re4 39. Rc4 1-0

[Event "Summer Cup"]
[Site "Wellington Chess Club"]
[Date "2021.04.08"]
[Round "8.28"]
[White "Winsley, Nicholas"]
[Black "Vachon, Mia"]
[Result "1-0"]
[WhiteElo "1690"]
[BlackElo "1500"]

1. d4 Nf6 2. c4 c5 3. d5 d6 4. Nc3 Nbd7 5. e4 e5 6. Bd3 Be7 7. Nge2 O-O 8. Ng3
b6 9. f3 Re8 10. Be3 g6 11. Bc2 Qc7 12. Ba4 Rb8 13. Qe2 a6 14. h4 Qd8 15. b3
Rb7 16. h5 Ra7 17. hxg6 fxg6 18. Bh6 Bf8 19. Qe3 Bxh6 20. Qxh6 Re7 21. Qg5 Rg7
22. Ke2 Qf8 23. Rh2 Qf7 24. Rah1 b5 25. cxb5 Nb6 26. Ra1 Bd7 27. Qc1 Nxa4 28.
bxa4 axb5 29. axb5 Rb7 30. a4 Nh5 31. Nxh5 gxh5 32. Qh6 Qe8 33. Qxh5 Bxb5+ 34.
axb5 Rxb5 35. Qh6 Rb2+ 36. Kd3 1-0

[Event "Autumn Cup - Group A"]
[Site "Wellington Chess Club"]
[Date "2021.05.06"]
[Round "1.1"]
[White "Cilia Vincenti, David"]
[Black "Dive, Russell"]
[Result "0-1"]
[WhiteElo "2282"]
[BlackElo "2384"]

1. d4 Nf6 2. c4 e6 3. Nc3 Bb4 4. Qc2 c5 5. dxc5 Na6 6. a3 Bxc3+ 7. Qxc3 Nxc5 8.
f3 a5 9. b4 axb4 10. axb4 Rxa1 11. Qxa1 Nb3 12. Qc3 Nxc1 13. Qxc1 d5 14. e3 O-O
15. Nh3 Qe7 16. c5 Bd7 17. Be2 b6 18. c6 Qxb4+ 19. Kf2 Bc8 20. Rd1 e5 21. Qb1
Qh4+ 22. Kg1 Bxh3 23. gxh3 Qg5+ 24. Kf2 d4 25. exd4 Nd5 26. Qc1 Qh4+ 27. Kg1
exd4 28. f4 Nxf4 29. Bg4 Qg5 30. Kf1 Qf6 31. Kg1 Qg5 32. Kf1 Qb5+ 33. Kg1 f5
34. Bf3 Ne6 35. Qb1 Qc5 36. Rc1 Qd6 37. Qb3 Kh8 38. Qxb6 d3 39. Qe3 Nd4 40.
Qxd3 Qf4 41. Rc3 Rc8 42. c7 Nxf3+ 43. Qxf3 Qxf3 44. Rxf3 g6 45. Rc3 Kg7 46. Kf2
Kf6 47. Kf3 Ke5 48. h4 Kd6 49. h5 g5 50. h4 g4+ 51. Kf4 Rxc7 52. Rd3+ Ke6 53.
Ra3 Rc4+ 54. Kg5 h6+ 55. Kxh6 f4 56. Kg7 g3 57. Ra6+ Kf5 58. h6 Rc7+ 59. Kg8 g2
0-1

[Event "Autumn Cup - Group A"]
[Site "Wellington Chess Club"]
[Date "2021.05.06"]
[Round "1.2"]
[White "Winter, Ryan"]
[Black "Wastney, Scott"]
[Result "1/2-1/2"]
[WhiteElo "2176"]
[BlackElo "2434"]

1. e4 e5 2. Nf3 Nc6 3. Bb5 a6 4. Ba4 Nf6 5. O-O b5 6. Bb3 Bc5 7. d3 d6 8. c3 h6
9. Nbd2 O-O 10. h3 Re8 11. Re1 Be6 12. Bc2 d5 13. exd5 Bxd5 14. Ne4 Nxe4 15.
dxe4 Be6 16. Be3 Qxd1 17. Bxd1 Bxe3 18. Rxe3 f6 19. Nd2 Na5 20. Nb3 Nxb3 21.
Bxb3 Rad8 22. Re2 Kf7 23. Kf1 Rd6 24. Ke1 Red8 25. f3 Ke7 26. Bxe6 Kxe6 27. a4
Kd7 28. axb5 axb5 29. Rd1 Rxd1+ 30. Kxd1 Ra8 31. Kc2 Ra1 32. Rd2+ Kc6 33. Rd8
Rg1 34. Rd2 h5 35. Kb3 h4 36. Kc2 Kb6 37. Kb3 c5 38. Kc2 c4 39. Re2 Kc5 40. Kd2
b4 41. cxb4+ Kxb4 42. Kc2 Ra1 43. Rd2 Rg1 44. Re2 1/2-1/2

[Event "Autumn Cup - Group A"]
[Site "Wellington Chess Club"]
[Date "2021.05.06"]
[Round "1.3"]
[White "Croad, Nicolas"]
[Black "Ker, Anthony"]
[Result "1-0"]
[WhiteElo "2451"]
[BlackElo "2452"]

1. e4 c5 2. Nf3 g6 3. d4 cxd4 4. Qxd4 Nf6 5. Nc3 Nc6 6. Qa4 d6 7. e5 Ng4 8.
exd6 Bg7 9. h3 Ne5 10. Nxe5 Bxe5 11. dxe7 Qxe7 12. Be3 Be6 13. Be2 O-O 14. O-O
Rfd8 15. Rad1 a6 16. Bf3 Bxc3 17. bxc3 Ne5 18. Be2 Rxd1 19. Rxd1 Rc8 20. Qf4
Bxa2 21. Bd4 f6 22. Qe3 Re8 23. f4 Nc6 24. Qxe7 Rxe7 25. Kf2 Nxd4 26. cxd4 Kf7
27. c4 Ke6 28. Ra1 Bb3 29. Rb1 Bc2 30. Rb6+ Kf5 31. g3 Ke4 32. d5 f5 33. d6 Rd7
34. Bf3+ Kd4 35. Bxb7 Kxc4 36. Bc8 Rd8 37. Rc6+ Kd3 38. Bxa6+ Kd2 39. Bb5 Bd3
40. Ba4 Be4 41. Rb6 Kd3 42. d7 Bd5 43. Rb1 Kd4 44. Re1 Be4 45. Rc1 Bb7 46. Rc7
Ba6 47. Rc6 1-0

[Event "Autumn Cup - Group A"]
[Site "Wellington Chess Club"]
[Date "2021.05.13"]
[Round "2.1"]
[White "Dive, Russell"]
[Black "Ker, Anthony"]
[Result "1-0"]
[WhiteElo "2384"]
[BlackElo "2452"]

1. d4 Nf6 2. c4 e6 3. Nc3 Bb4 4. Qc2 Nc6 5. Nf3 d6 6. Bd2 O-O 7. a3 Bxc3 8.
Bxc3 Qe7 9. e4 e5 10. d5 Nb8 11. Be2 Nh5 12. g3 g6 13. Nd2 f5 14. Bxh5 gxh5 15.
O-O-O fxe4 16. Nxe4 Bf5 17. f3 Nd7 18. Qg2 Bxe4 19. fxe4 Rf7 20. Bd2 Nc5 21.
Kb1 Qd7 22. Be3 Raf8 23. Bxc5 dxc5 24. Qd2 Qg4 25. Rhe1 Rf2 26. Qc3 Qg5 27. h4
Qe7 28. Rd2 R2f3 29. Rd3 Rf2 30. Qa5 a6 31. Rb3 Rb8 32. Ree3 Qd6 33. Ka2 Kh8
34. Rf3 Re2 35. Rbe3 Rxe3 36. Rxe3 Kg7 37. Rf3 Rf8 38. Rb3 Rb8 39. Qd2 h6 40.
Qe2 Qg6 41. Qf2 Qd6 42. Qf5 b6 43. Qxh5 Rf8 44. Rf3 Rxf3 45. Qxf3 b5 46. Qe2 b4
47. Qg4+ Kf7 48. Qf5+ Ke7 49. g4 a5 50. axb4 cxb4 51. Kb3 a4+ 52. Kxa4 Qa6+ 53.
Kb3 Qa1 54. Qxe5+ Kd7 55. Qf5+ Ke7 56. e5 Qd1+ 57. Kxb4 Qd2+ 58. Kb3 Qd1+ 59.
Qc2 Qxg4 60. Qh7+ Kd8 61. Qh8+ Kd7 62. e6+ Ke7 63. Qh7+ Kf6 64. Qf7+ Ke5 65.
Qxc7+ Kd4 66. Kb4 Qxh4 67. Qg7+ Kd3 68. Qc3+ Ke4 69. Qc2+ Ke3 70. Qc1+ Ke2 71.
Qc2+ Ke3 72. d6 Qd8 73. c5 h5 74. e7 Qb8+ 75. Kc4 Qg8+ 76. Kc3 Qh8+ 77. Kb3
Qb8+ 78. Ka2 Qa8+ 79. Kb1 Qc6 80. Qc3+ Kf2 81. Qf6+ Kg1 82. Qg6+ 1-0

[Event "Autumn Cup - Group A"]
[Site "Wellington Chess Club"]
[Date "2021.05.13"]
[Round "2.2"]
[White "Wastney, Scott"]
[Black "Croad, Nicolas"]
[Result "1-0"]
[WhiteElo "2434"]
[BlackElo "2451"]

1. d4 Nf6 2. c4 e6 3. g3 Bb4+ 4. Nd2 c5 5. a3 Bxd2+ 6. Qxd2 Nc6 7. dxc5 Ne4 8.
Qe3 Qa5+ 9. Bd2 Nxd2 10. Qxd2 Qxc5 11. Rc1 O-O 12. Bg2 a5 13. Nf3 b5 14. cxb5
Qxb5 15. Nd4 Nxd4 16. Qxd4 Rb8 17. Rc2 Ba6 18. O-O d5 19. Rfc1 Qb6 20. Qd2 g6
21. Rc6 Qb5 22. Bf1 Rb6 23. e4 Qxc6 24. Rxc6 Rxc6 25. exd5 exd5 26. Bxa6 Rxa6
27. Qxd5 a4 28. h4 h5 29. Qd4 Rb8 30. g4 Ra5 31. Qd6 Rba8 32. Qd7 hxg4 33. Qxg4
Rb5 34. Qd4 Rh5 35. Qe4 Raa5 36. Qg4 Rhf5 37. Qd4 Kh7 38. Kg2 Ra6 39. Kg1 Raf6
40. Qxa4 Rxf2 41. Qd4 R2f4 42. Qc3 Rg4+ 43. Kh2 Rxh4+ 44. Kg3 Rhf4 45. b4 R4f5
46. Qe3 Re6 47. Qd2 Rfe5 48. a4 Re2 49. Qd5 g5 50. Kf3 R6e3+ 51. Kg4 f6 52.
Qf7+ Kh6 53. Qxf6+ Kh7 54. Qf7+ Kh6 55. Qh5+ Kg7 56. Qxg5+ Kf7 57. Qd5+ Kg6 58.
Qf5+ Kg7 59. Qc5 Re8 60. Qc7+ Kg6 61. Qd6+ Kg7 62. Qd7+ Kf6 63. Qc6+ Kg7 64.
Kf4 R8e6 65. Qc7+ Kg6 66. Qc3 Rf2+ 67. Kg3 Rf5 68. Qd3 Kf6 69. a5 Rg5+ 70. Kf4
Rh5 71. a6 Rh4+ 72. Kg3 Ree4 73. Qd8+ 1-0

[Event "Autumn Cup - Group A"]
[Site "Wellington Chess Club"]
[Date "2021.05.13"]
[Round "2.3"]
[White "Cilia Vincenti, David"]
[Black "Winter, Ryan"]
[Result "1/2-1/2"]
[WhiteElo "2282"]
[BlackElo "2176"]

1. d4 Nf6 2. c4 e6 3. Nc3 Bb4 4. Qc2 O-O 5. Nf3 b6 6. e4 d5 7. cxd5 exd5 8. e5
Ne4 9. Bd3 f5 10. exf6 Nxf6 11. O-O Ba6 12. Bxa6 Nxa6 13. Qa4 Qc8 14. Qc6 Bxc3
15. bxc3 Re8 16. Bf4 Re6 17. Qb5 c6 18. Qb3 Qb7 19. Be5 Rae8 20. Ng5 R6e7 21.
Qc2 Qc8 22. f4 Nb8 23. c4 Qd7 24. Rac1 h6 25. Nf3 Ne4 26. Bxb8 Rxb8 27. Ne5 Qd6
28. cxd5 cxd5 29. Qc6 Ree8 30. Qxd6 Nxd6 31. Nc6 Rbc8 32. Nxa7 Rxc1 33. Rxc1
Re2 34. Rc6 Nf5 35. Rxb6 Rxa2 36. Nc6 Ne3 37. g3 Rg2+ 38. Kh1 Rd2 39. h4 Nf5
40. Rb3 Nxd4 41. Nxd4 Rxd4 42. Kg2 Kf7 43. Kf3 Kf6 44. Rb6+ Kf7 45. Ke3 Re4+
46. Kd3 g5 47. hxg5 hxg5 48. fxg5 Rg4 49. Rf6+ Kg7 1/2-1/2

[Event "Autumn Cup - Group A"]
[Site "Wellington Chess Club"]
[Date "2021.05.20"]
[Round "3.1"]
[White "Winter, Ryan"]
[Black "Dive, Russell"]
[Result "0-1"]
[WhiteElo "2176"]
[BlackElo "2384"]

1. e4 c6 2. d4 d5 3. e5 c5 4. dxc5 Nc6 5. a3 Nxe5 6. b4 Nf6 7. Bb2 Ned7 8. Nf3
e6 9. Bb5 Be7 10. Nbd2 O-O 11. O-O a6 12. Bd3 Qc7 13. c4 a5 14. Qb3 axb4 15.
axb4 Rxa1 16. Rxa1 b6 17. cxb6 Qxb6 18. c5 Qb8 19. c6 Nb6 20. Bd4 Ne8 21. Qc3
f6 22. Bc5 Rf7 23. Qc2 g6 24. Nd4 Nc7 25. Bxe7 Rxe7 26. Qc5 Kf7 27. Qd6 Nba8
28. h4 Qb6 29. N4b3 Ba6 30. Bxa6 Nxa6 31. Nc5 N8c7 0-1

[Event "Autumn Cup - Group A"]
[Site "Wellington Chess Club"]
[Date "2021.05.20"]
[Round "3.2"]
[White "Croad, Nicolas"]
[Black "Cilia Vincenti, David"]
[Result "1-0"]
[WhiteElo "2451"]
[BlackElo "2282"]

1. e4 d5 2. exd5 Qxd5 3. Nc3 Qd8 4. d4 Nf6 5. Nf3 Bg4 6. h3 Bxf3 7. Qxf3 c6 8.
Be3 e6 9. Bd3 Nbd7 10. O-O Bd6 11. Rad1 Qc7 12. a3 O-O 13. Rfe1 e5 14. d5 Nb6
15. dxc6 bxc6 16. Bg5 Nbd5 17. Nxd5 Nxd5 18. c4 Nb6 19. Bxh7+ Kxh7 20. Qd3+ Kg8
21. Qxd6 Qxd6 22. Rxd6 Nxc4 23. Rxc6 Nxb2 24. Rxe5 f6 25. Re2 Nd3 26. Be3 a5
27. Rc3 Ne5 28. Bd4 Ng6 29. Rb2 Rfd8 30. Be3 Rd1+ 31. Kh2 Rd7 32. a4 Ne5 33.
Rb5 Rd3 34. Rc7 Ra3 35. Rbb7 1-0

[Event "Autumn Cup - Group A"]
[Site "Wellington Chess Club"]
[Date "2021.05.20"]
[Round "3.3"]
[White "Ker, Anthony"]
[Black "Wastney, Scott"]
[Result "1/2-1/2"]
[WhiteElo "2452"]
[BlackElo "2434"]

1. e4 e5 2. Nf3 Nc6 3. d4 exd4 4. Bc4 Nf6 5. e5 d5 6. Bb5 Ne4 7. Nxd4 Bc5 8.
Be3 O-O 9. Nxc6 bxc6 10. Bxc5 Nxc5 11. Bxc6 Rb8 12. O-O Qe7 13. Re1 Rd8 14. Nc3
Be6 15. Nb5 a6 16. Nd4 Rxb2 17. f4 Ne4 18. Qd3 Qc5 19. Qe3 Rb6 20. Rad1 Nc3 21.
Rd3 Nxa2 22. f5 Bxf5 23. Qg5 Rf8 24. Qxf5 Rxc6 25. Kh1 Rg6 26. Qf3 Nb4 27. Rd2
Nc6 28. Nf5 Ne7 29. Nxe7+ Qxe7 30. Rxd5 Re6 31. h3 h6 32. Qc3 Rd8 33. Rc5 Rd7
34. Rb1 Rb6 35. Rxb6 cxb6 36. Rc6 Rd1+ 37. Kh2 Rd5 38. Rxb6 a5 39. e6 fxe6 40.
Qc8+ Rd8 41. Qxe6+ Qxe6 42. Rxe6 Ra8 43. Re3 a4 44. Ra3 Kf7 45. Kg3 Ke6 46. Kf4
Kd5 47. Kf5 Ra6 48. c3 g6+ 49. Kf4 Ra5 50. h4 Ra6 51. g3 Rf6+ 52. Ke3 Re6+ 53.
Kf3 Re4 54. Ra1 Rc4 55. Ra3 h5 56. Ke3 Ke5 57. Kf3 Kf5 58. Kf2 Kg4 59. Kg2 Kf5
60. Kf3 Ke5 61. Ke3 Kd5 62. Kf3 Ke5 63. Ke3 Kf5 64. Kf3 1/2-1/2